Statistics for List of Cities and Towns in Alabama

Click here to take the quiz!

General Stats

  • This quiz has been taken 2 times
  • The average score is 15 of 39

Answer Stats

Cities% Correct
Birmingham
100%
Dothan
100%
Florence
100%
Huntsville
100%
Mobile
100%
Montgomery
100%
Selma
100%
Tuscaloosa
100%
Anniston
50%
Auburn
50%
Bessemer
50%
Clanton
50%
Cullman
50%
Decatur
50%
Demopolis
50%
Gadsden
50%
Greenville
50%
Guntersville
50%
Jasper
50%
Phenix City
50%
Scottsboro
50%
Alexander City
0%
Andalusia
0%
Athens
0%
Atmore
0%
Chickasaw
0%
Enterprise
0%
Eufaula
0%
Fort Payne
0%
Marion
0%
Opelika
0%
Ozark
0%
Prichard
0%
Sheffield
0%
Sylacauga
0%
Talladega
0%
Troy
0%
Tuscumbia
0%
Tuskegee
0%

Score Distribution

Percentile by Number Answered

Percent of People with Each Score

Your Score History

You have not taken this quiz